| 000 | 01144nam a22002537a 4500 | ||
|---|---|---|---|
| 999 |
_c62250 _d62250 |
||
| 005 | 20251125233057.0 | ||
| 008 | s2553 th ||||| |||| 00| 0 tha d | ||
| 020 | _a9786165360371 | ||
| 040 | _aNALT | ||
| 050 | _aJQ1745.A6 ว583ป 2553 ล.1 | ||
| 100 | 0 | _aวิทยากร เชียงกูล | |
| 245 | 1 | 0 | _aปฏิรูปประเทศไทย เล่ม 1 เศรษฐกิจ - การเมือง |
| 260 | 3 |
_aกรุงเทพฯ : _bบ้านพระอาทิตย์, _c2553 |
|
| 300 |
_a164 หน้า ; _b 21 ซม. |
||
| 650 | 0 | 4 | _aการปฏิรูปการเมือง -- ไทย |
| 650 | 0 | 4 | _aคอรัปชั่น |
| 650 | 0 | 4 | _aระบบการเลือกตั้ง -- ไทย |
| 650 | 0 | 4 | _aการพัฒนาประเทศ -- ไทย -- แง่เศรษฐกิจ |
| 650 | 0 | 4 | _aการพัฒนาประเทศ -- ไทย |
| 850 | _aNALT | ||
| 856 | 4 | 0 |
_uhttps://hdl.handle.net/20.500.14156/338103 _71 |
| 942 |
_cGB _02 _2lcc |
||